Countries With the Least Public Holidays - Statistics

General Stats
  • This quiz has been taken 31 times
  • The average score is 6 of 12
Answer Stats
Hint Answer % Correct
8 United Kingdom
71%
10 Canada
64%
8 Mexico
61%
10 Germany
57%
10 Ireland
57%
10 Belgium
50%
10 Australia
46%
9 Brazil
43%
9 Switzerland
39%
10 Fiji
36%
8 Ecuador
29%
10 Estonia
25%
No matching quizzes found
Score Distribution
Percent of People with Each Score
Percentile by Number Answered
Your Score History
You have not taken this quiz